Responses for show #3751 - Monday, December 18, 2000

Contestants

[<< previous game]

Ben Merritt, a computer consultant from Trophy Club, Texas

Vicky Kaufman, an operations manager from Newington, Connecticut

John Draz, a culinary school instructor from Chicago, Illinois (whose 3-day cash winnings total $26,002)

[next game >>]

Jeopardy! Round responses

ROYAL FEMALE NICKNAMES
TV ACTORS & ROLES
TRAVEL & TOURISM
"I" LADS
FOREWORDS
BACKWORDS
(Alex: The response will be found within the clue, but in reverse order.)
    $100 2
Princess Diana

John
    $100 8
The West Wing

John
    $100 1
Tokyo

Ben
    $100 13
Billy Idol

John
    $100 23
Heart of Darkness

Vicky
    $100 17
Trams (smart)

Vicky
    $200 4
(Alex: No wonder she was always in a bad mood!)

Elizabeth I

Ben
    $200 9
James Brolin

Ben
    $200 3
Bangkok

Ben
    $200 14
Ivan the Terrible

Vicky
    $200 24
(V: What is "Gulliver's Travels?")

Jonathan Swift

Vicky
Triple Stumper
    $200 19
Sloop (pools)

Ben
    $300 5
Cleopatra

Vicky
    $300 10
The Monkees

Vicky
    $300 27
Prague

John
    $300 15
Eric Idle

John
    $300 25
Ayn Rand

Ben
    $300 20
Evian (naive)

Ben
    $400 6
Queen Victoria

Vicky
    $400 11
The Love Boat

Vicky
    $500 28
Nairobi, Kenya

John
    $400 16
Isaiah

Ben
    $400 26
(John: What is Origin of the Species?)
(Vicky: What is The Origin of the Species?)
...
(Alex: Less than a minute to go.)

The Origin of Species

JohnVicky
Triple Stumper
    $400 21
(V: What is heather?)

Dew (wed)

Vicky
Triple Stumper
    $500 7
(Alex: And my apologies, Vicky; I've been calling you "Nicky", because from my angle, it looks like an "N"; I cannot see the "V".)

Queen Isabella

Triple Stumper
    $500 12
Will Ferrell

Vicky
    $500 29
(buzzer sounds)

Rome

Triple Stumper
    $500 18
Lee Iacocca

Ben
    $500 22
Wonk (know)

Ben

Scores at the first commercial break (after clue 14):

John Vicky Ben
$300 $2,100 $700

Scores at the end of the Jeopardy! Round:

John Vicky Ben
$1,000 $1,300 $2,900

Double Jeopardy! Round responses

PEOPLE IN HISTORY
CINEMATIC DICTIONARY
IT'S OURS!
(Alex: You have to identify the country that controls each place that we mention.)
BRITISH FASHION
ANDY WARHOL
THEATRE CROSSWORD CLUES "M"
    $200 10
William Penn

Ben
    $200 1
(V: What are special effects?)

Sound effects

VickyBen
    $200 17
France

Ben
    $200 3
The Sex Pistols

Vicky
    $200 23
Campbell's Soup cans

Ben
    $200 2
May

Vicky
    $400 11
John D. Rockefeller

Ben
    $400 5
Continuity

Ben
    $400 18
Great Britain (United Kingdom)

John
    $400 4
Gibraltar

John
    $400 24
(less than a minute...)

Mao Tse-tung

Vicky
    $400 6
Mame

John
    $600 12
Sinking of the Titanic

Vicky
    $600 7
35mm

Triple Stumper
    $600 19
New Zealand

Ben
    $600 28
(buzzer sounds)

Life

Triple Stumper
    $600 25
Interview

Vicky
    $600 14
Mourning

Vicky
    $800 13
Geronimo

Triple Stumper
    $1,000 8
Steadicam

John
    $800 20
Portugal

John
    $2,000 26
(V: I don't know...no idea.)

The Factory

Vicky
    $800 15
Medea

Vicky
    $1000 22
(J: Who is Roberts?)

Thomas Jefferson

John
Triple Stumper
    $1000 9
Negative cutter

Triple Stumper
    $1000 21
USA

Triple Stumper
    $1000 27
Velvet Underground

John
    $1000 16
(V: Who is Mephistophele?)

Mephistopheles

VickyBen

Scores at the end of the Double Jeopardy! Round:

John Vicky Ben
$4,000 $1,500 $6,100

[wagering suggestions for these scores]

Final Jeopardy! Round responses

SPORTS LEGENDS
VickyWhat is Mr. Coffee?
$1,500
JohnWhat is Mr. Coffee?
$3,900
BenWhat is Heinz?
$1,901
H.J. Heinz (Heinz 57 Varieties)

Final scores:

John Vicky Ben
$100 $0 $8,001
2nd place: Trip to El Cid Resort, Mazatlan, Mexico 3rd place: Discovery Channel Store Gift Certificate New champion: $8,001

Game dynamics:

Coryat scores:

John Vicky Ben
$3,700 $3,500 $6,100
12 R
(including 2 DDs),
2 W
15 R,
6 W
(including 1 DD)
18 R,
0 W

Combined Coryat: $13,300

The J! Archive is created by fans, for fans. Scraping, republication, monetization, and malicious use prohibited; this site may use cookies and collect identifying information. See terms. The Jeopardy! game show and all elements thereof, including but not limited to copyright and trademark thereto, are the property of Jeopardy Productions, Inc. and are protected under law. This website is not affiliated with, sponsored by, or operated by Jeopardy Productions, Inc. Join the discussion at JBoard.tv.